Statistics for Animals beginning with the letter W

Click here to take the quiz!

General Stats

  • This quiz has been taken 78 times
  • The average score is 6 of 12

Answer Stats

ClueAnimal% Correct
Looks like a small kangarooWallaby
96%
Tree tapping birdWoodpecker
79%
Looks like a pig but with two sets of tusks on it's faceWarthog
74%
Yellow and black insect that stingsWasp
57%
Largest mammal in the worldWhale
57%
Inhabits the freezing waters of the Arctic CircleWalrus
45%
Lycan animalWolf
40%
Realease a strong smelling musk in defense. Alsoan X-manWolverine
40%
Nocturnal marsupial found only in AustraliaWombat
38%
The world's largest fishWhale Shark
28%
The smallest carnivorous animal in the worldWeasel
13%
The female of this fish can change to male as they reach maturityWrasse
9%

Score Distribution

Percentile by Number Answered

Percent of People with Each Score

Your Score History

You have not taken this quiz